000 01978cam0 2200433 ib4500
001 BY-BR0000-br20249370942
005 20251027135226.0
010 ^a978-5-9614-8884-5
^bв переплете
035 ^a(BY-MI0000)BY-BR0000-br20249370942
100 ^a20250115d2024 de y0rusy50 ca
101 1 ^arus
^ceng
102 ^aRU
105 ^ay z 000ay
109 ^ama
200 1 ^a13 секретов
^e[для среднего и старшего школьного возраста]
^fМишель Харрисон
^gперевод с английского Д. Баймухаметовой
^gпод редакцией М. Брауде
210 ^aМосква
^cАльпина.дети
^cАльпина Паблишер
^d2024
215 ^a425, [2] с.
^cпортр.
^d21 см
300 ^aКн. 3 трилогии "13 сокровищ"
333 ^a12+
345 ^93000 экз.
488 0 ^12001
^a13 сокровищ
532 1 1 ^aТринадцать секретов
608 ^aТРИЛОГИЯ
^3BY-NLB-ar48331
^2BYGNR
608 ^aПРОЗА (лит. произведение)
^3BY-NLB-ar2648148
^2BYGNR
606 ^aХУДОЖЕСТВЕННАЯ ЛИТЕРАТУРА
^3BY-NLB-ar37179
^2DVNLB
606 ^aАНГЛИЙСКАЯ ЛИТЕРАТУРА
^3BY-NLB-ar2468
^2DVNLB
608 ^aДЕТСКАЯ И ЮНОШЕСКАЯ ЛИТЕРАТУРА (художеств. произведение)
^3BY-NLB-ar9019
^2BYGNR
686 ^a84(4Вел)-4
^2rubbk
690 ^a1
^2Base
^9BY-MI0000
^xRSEK
700 1 ^aХаррисон
^bМ.
702 1 ^aБаймухаметова
^bД.
^gДина
^4730
702 1 ^aБрауде
^bМ.
^gМария
^cлитературный редактор
^3BY-PLRB-ar14370711
^4340
801 0 ^aBY
^bBY-BR0000
^c20250115
^gRCR
801 2 ^aBY
^bBY-MI0000
^c20251021
^gRCR
899 0 ^aBY-MI0000
^iХ21
^h84(4Вел)